| 000 | 00663cam a22002293a 4500 | ||
|---|---|---|---|
| 001 | 10683 | ||
| 003 | PGUSA | ||
| 005 | 20140828083227.0 | ||
| 008 | 040101s2004||||xxu|||||s|||||000 | eng d | ||
| 040 |
_aPGUSA _beng |
||
| 042 | _adc | ||
| 050 | 4 | _aHT | |
| 100 | 1 |
_aWilberforce, William, _d1759-1833 |
|
| 245 | 1 | 0 |
_aLettre à l'Empereur Alexandre sur la traite des noirs _h[electronic resource] / _cWilliam Wilberforce |
| 260 |
_bProject Gutenberg, _c2004 |
||
| 506 | _aPublic domain in the USA. | ||
| 516 | _aElectronic text | ||
| 653 | _aSlave trade | ||
| 830 | 0 |
_aProject Gutenberg _v10683 |
|
| 856 | 4 | 0 | _uhttp://www.gutenberg.org/ebooks/10683 |
| 942 | _cEB | ||
| 999 |
_c239938 _d239938 |
||